Statistics for Name The NBA Players By Picture #2

Click here to take the quiz!

General Stats

  • This quiz has been taken 149 times
  • The average score is 13 of 15

Answer Stats

Answer % Correct
Kyrie Irving
98%
Carmelo Anthony
98%
Joel Embiid
98%
Anthony Davis
98%
Julius Erving
97%
Scottie Pippen
97%
Paul George
97%
Steve Nash
96%
John Stockton
95%
Jason Kidd
95%
Reggie Miller
85%
David Robinson
72%
Bob Cousy
64%
Clyde Drexler
53%
George Gervin
39%

Score Distribution

Percentile by Number Answered

Percent of People with Each Score

Your Score History

You have not taken this quiz